000 01475nam0a2200337 4500
001 RU\NLR\BIBL_A\010260973
005 20260408165733.0
010 _a978-5-9926-0710-9
_9200
021 _aRU
_b2014-2124
_9130
035 _a(NLR Aleph) 010260973
035 _a(NILC)RuMoRGB-006732846
090 _a10458884
_c10458884
100 _a20140321d2013 u y0rusy50 ca
101 0 _arus
102 _aRU
105 _ay|||j||||||y|
200 1 _aКультура речи: этический и коммуникативный аспекты
_eучебное пособие для студентов-нефилологов
_fЕ. Е. Молчанова
_gМ-во образования и науки РФ, Астраханский гос. ун-т
210 _aАстрахань
_cАстраханский университет
_d2013
215 _a113 с.
_d20
320 _aБиблиогр.: с. 77-80
320 _aУказ. имен философов - авторов высказываний: с. 84-85
606 _aОбщение (этич.)
_jУчебные издания для высших учебных заведений
_3RU\NLR\AUTH\66536177
_91295841
686 1 _aЮ707.71я73
700 1 _aМолчанова
_bЕ. Е.
_gЕлена Евгеньевна
801 0 _aRU
_bРГБ
_c20140205
_gRCR
801 1 _aRU
_bРГБ
_c20140205
_2rusmarc
942 _cBOOK
980 _aNBR
980 _aNB